000 00638nam a2200193Ia 4500
003 GCL
005 20240530104423.0
008 140319s9999 xx 000 0 ara d
040 _aGCL /
_cGCL
082 0 4 _a813.009
_bع ف
100 1 _aعبدالجبار عباس
245 1 0 _aفى النقد القصصى /
_cعبدالجبار عباس
260 _aالعراق :
_bمنشورات وزارة الثقافة والاعلام ،
_c1980
300 _a330 ص ؛
_c24 سم
490 _aسلسلة دراسات
_v0
650 0 4 _aالادب العربى
650 0 4 _aالقصص العربية - تاريخ ونقد
942 _2ddc
_cBK
999 _c47494
_d47494